=LDR 00000nam 2200000 4500 =001 INLIS000000000044804 =005 20131008110723 =008 ***********************************Ind** =035 ##$$0010-101300000002726 =041 ##$$a Ind =082 ##$$a 005.5 =090 ##$$a 005.5, Ent s =100 ##$$a Enterprise, Jubilee =245 ##$$a Seri Penuntun Visual DreamweaverCS3, Jubilee Enterprise =260 ##$$a 2007 $b Jakarta =300 ##$$a Xii,213 Hlm., 21 Cm =650 ##$$a Dreamweaver CS3-Program Komputer